000 00646nam a2200265Ia 4500
005 20260306164041.0
008 008 260114s9999 xx 000 0 eng d
020 _a9781838382278
037 _aEBOOK
040 _aCRL
040 _beng
040 _cCRL
041 _2eng
041 _aeng
084 _qCRL
100 _aHamilton
245 0 _aIn Search Of The Blue Flower: Alexander Hamilton And The Art Of Cyanotype
260 _bEdinburgh University Press
260 _c2024
650 _aPhilosophy
856 _uhttps://academic.oup.com/book/55685
942 _cEBOOK
999 _c1712547
_d1712547